Responses for show #3715 - Friday, October 27, 2000

Contestants

Beth White, a communications director from Dunbar, West Virginia

Anthony DiMarco, a government representative from Tallahassee, Florida

David Franklin, a filmmaker & professor from Brooklyn, New York (whose 1-day cash winnings total $9,399)

Jeopardy! Round responses

HOSPITALS
OSCAR, OSCAR
A COLORFUL CATEGORY
(Alex: We'll give you some shades, you give us the color.)
AUDIO LITERATURE
TOYS FOR BOYS
WHERE IT'S "AT"
    $100 1
Gwyneth Paltrow

Beth
    $100 2
White

Beth
    $100 21
John Cleese

David
    $100 11
New York Knicks

Anthony
    $100 16
Bobcat

Triple Stumper
    $200 29
(A: Who is Kittering?)
(buzzer sounds)

Charles F. Kettering

Anthony
Triple Stumper
    $200 7
Forrest Gump

David
    $200 3
Black

Anthony
    $200 22
(A: Who is Waylon Jennings?)

Johnny Cash

Anthony
Triple Stumper
    $200 12
(B: What is a humidifier?)

Humidor

DavidBeth
    $200 17
Democrat

David
    $300 26
St. Jude's

Anthony
    $300 8
Emma Thompson

Beth
    $300 4
Blue

Beth
    $300 23
Guthrie

David
    $300 13
Titanium

David
    $300 18
"The Rubaiyat"

David
    $400 27
Massachusetts General Hospital

Beth
    $1,000 9
(B: Who are Helen Hunt & Holly Hunter?)
(Alex: Linda Hunt won for "The Year of Living Dangerously")

Helen & Linda Hunt

Beth
    $400 5
Yellow

Beth
    $400 24
Allen Ginsberg

Triple Stumper
    $400 14
Jaguar

Anthony
    $400 19
Cravat

Beth
    $500 28
The Good Samaritan

Triple Stumper
    $500 10
Heaven Can Wait

Anthony
    $500 6
Pink

Beth
    $500 25
(less than a minute to go...)

Jim Carroll ('The Basketball Diaries")

David
    $500 15
Weber

Triple Stumper
    $500 20
"Muskrat Love"

Anthony

Scores at the first commercial break (after clue 15):

David Anthony Beth
$700 $1,200 $500

Scores at the end of the Jeopardy! Round:

David Anthony Beth
$2,100 $1,600 $1,300

Double Jeopardy! Round responses

U.S. PRESIDENTS
TELEVISION
SPACE SCIENTISTS
MIDDLE NAMES
(Alex: We'll give you the middle name, you have to give us the complete name.)
QUOTABLE WOMEN
WHERE IT'S AT
(Alex: You have to identify the U.S. state where it's at.)
    $200 3
Rutherford B. Hayes

Beth
    $200 1
Nova

David
    $200 26
Comets

David
    $200 21
Frank Sinatra

Anthony
    $200 11
(A: Who is Candice Bergen?)

Oprah Winfrey

DavidAnthony
    $200 16
New Mexico

Anthony
    $400 4
Lyndon B. Johnson

David
    $400 2
Donny & Marie Osmond

Anthony
    $400 27
(B: What are novas?)
(D: What are nebulae?)

Galaxies

DavidBeth
Triple Stumper
    $400 22
Barbra Streisand

Anthony
    $400 12
(Anthony: What is comedy?)
(Alex: Believe me, it's not!)

Giving birth

Anthony
Triple Stumper
    $400 17
California

David
    $600 5
Franklin D. Roosevelt

Beth
    $600 8
Murphy Brown

Beth
    $600 28
Radio waves

David
    $600 23
Dr. C. Everett Koop

Anthony
    $600 13
Pablo Picasso

Beth
    $600 18
Virginia

Beth
    $900 6
Thomas Jefferson

Beth
    $800 9
Fashion Emergency

Beth
    $800 29
Wernher von Braun

David
    $1,200 24
(A: Who is Souter?)
(less than a minute to go...)

William H. Rehnquist

Anthony
    $800 14
Cathy Guisewite

Beth
    $800 19
South Dakota

David
    $1000 7
(A: Who is Garrison?)

Gerald Ford

AnthonyBeth
    $1000 10
Cheri Oteri

Beth
    $1000 30
Chris Kraft

Triple Stumper
    $1000 25
Pierre Trudeau

David
    $1000 15
Gertrude Stein

Anthony
    $1000 20
Tennessee

David

Scores at the end of the Double Jeopardy! Round:

David Anthony Beth
$7,300 $1,600 $8,000

[wagering suggestions for these scores]

Final Jeopardy! Round responses

LANGUAGES
AnthonyWhat is Turkish
$400
DavidWhat is [Heb] Arabic?
$5,900
BethWhat is Hebrew?
$7,300
Armenian

Final scores:

David Anthony Beth
$1,400 $1,200 $700
2-day champion: $10,799 2nd place: Trip to Singapore courtesy of Priceline.com 3rd place: TicketsNow.com Gift Certificate

Game dynamics:

Coryat scores:

David Anthony Beth
$7,300 $2,800 $8,900
18 R,
1 W
12 R,
6 W
(including 1 DD)
18 R
(including 1 DD),
3 W
(including 1 DD)

Combined Coryat: $19,000

The J! Archive is created by fans, for fans. The Jeopardy! game show and all elements thereof, including but not limited to copyright and trademark thereto, are the property of Jeopardy Productions, Inc. and are protected under law. This website is not affiliated with, sponsored by, or operated by Jeopardy Productions, Inc. Join the discussion at JBoard.tv.